Loading...
Dynamics of agricultural change
| Main Author: | |
|---|---|
| Format: | Printed Book |
| Language: | English |
| Published: |
New Delhi
Oxford & IBH publishing co.pvt ltd
1986
|
| LEADER | 00514nam a22001577a 4500 | ||
|---|---|---|---|
| 005 | 20151215124924.0 | ||
| 008 | 090922t xxu||||| |||| 00| 0 eng d | ||
| 082 | |a 630 |b SIN | ||
| 100 | |a Singh, Jasbir |9 2277 | ||
| 245 | |a Dynamics of agricultural change | ||
| 300 | |a xiv, 380p. | ||
| 942 | |c BK |6 _ | ||
| 260 | |a New Delhi |b Oxford & IBH publishing co.pvt ltd |c 1986 | ||
| 020 | |a 8120404947 | ||
| 999 | |c 94192 |d 94192 | ||
| 952 | |0 0 |1 0 |2 ddc |4 0 |6 630_SIN |7 0 |9 118623 |a SMS |b SMS |c GEN |d 2009-09-22 |o 630 SIN |p SMSC00887 |r 2009-09-22 |w 2009-09-22 |y BK | ||